000 00555nam a2200205Ii 4500
003 JO-AjNU
008 230606s9999||||xx |||||||||||||| ||und||
020 _a81-7473-106-7
040 _aJO-AjNU
_beng
_erda
_cJO-AjNU
041 _aeng
050 1 4 _aQA533.2007
100 3 _aloney,
_eauthor
_93871
245 0 0 _aPlane trigonometry
264 3 1 _aindiaA.I.T.B.S.publishers,2007
300 _a327p
336 _atext
_btxt
_2rdacontent
337 _aunmediated
_bn
_2rdamedia
338 _avolume
_bnc
_2rdacarrier
650 4 _aPlane trigonometry
_93872
999 _aE2019
_c2018
_d2018